• 首页
  • 本馆介绍
  • 公告通知
  • 最新文献
  • 馆藏检索
  • 电子资源
  • 读者导购
  • 参考咨询
  • 我的图书馆
  • 登录
  • 详细信息显示
  • 放入我的书架
  • 预约/预借图书
  • 作者相关作品
  • 分类相关作品
  • 丛书相关作品
  • 出版社相关作品

书目信息

  • 表格格式
  • 工作单格式
  • 卡片格式
题名:
天演论
    
 
作者: 赫胥黎 著 ;严复 译
分册:  
出版信息: 北京   商务印书馆  1981
页数: 95页
开本: 21cm
丛书名: 严译名著丛刊
单 册:
中图分类: B561.43
科图分类:
主题词: 进化学说 , 哲学--欧洲
电子资源:
ISBN:
000 00765nam0 2200289 45
001 0181004966
005 20060813095626.43
010    @dCNY0.80
091    @a2017.265
100    @a19950316d1981 em y0chiy0121 ea
101 1  @achi@ceng
102    @aCN@b110000
105    @ay z 000yy
200 10 @a天演论@Atian yan lun@f(英)赫胥黎(T.H.Huxley)著@g严复译
210    @a北京@c商务印书馆@d1981
215    @a95页@d21cm
225 2  @a严译名著丛刊
300    @a书名原文:Evolution and ethics
410  0 @12001 @a严译名著丛刊
606    @a进化学说
606 0  @a哲学@x欧洲
690    @aB561.43
701  1 @a赫胥黎@Ahe xu li@bT.H.@4著
702  0 @a严复@Ayan fu@4译
801  0 @aCN@b上海图书馆@c20060813
801  2 @aCN@bNLC@c20060428
905    @dB561.43@e5
    
    天演论/(英)赫胥黎(T.H.Huxley)著/严复译.-北京:商务印书馆,1981
    95页;21cm.-(严译名著丛刊)
    书名原文:Evolution and ethics
    
    ISBN :CNY0.80
    
●
相关链接 在E读中查询图书 在五车中查询图书 在当当中查询图书 在豆瓣中查询图书


正题名:天演论     索取号:B561.43/5         预约/预借

序号 登录号 条形码 馆藏地/架位号 状态 备注
1 0059681   000579083   密集书库/ [索取号:B561.43/5] 在馆    
2 0059682   202299627   密集书库/ [索取号:B561.43/5] 在馆    
3 0059683   000579127   第一样本阅览室/ [索取号:B561.43/5] 在馆    
4 0459215   204592155   密集书库/ [索取号:B561.43/5] 在馆    
唐山师范学院图书馆 欢迎您!
大连网信软件有限公司© 版权所有